Muzika spod zeme povesti a baladické príbehy zo Strážovskej hornatiny

Bibliographic Details
Main Author: Sádecký, Gejza, 1943-2025 (Author)
Format: Book
Language:Slovak
PhysicalDescription:108 strán 18 cm
Published: Bratislava Poľana 1998
ISBN:8096800205
Subjects:

MARC

LEADER 00000cam a2200000 a 4500
001 vtls001355604
003 SK-MaSNL
005 20260301070457.0
008 240709s1998 xo gr 0000j slo
015 |a SNBA1999/05-01641 
020 |a 8096800205 
035 |a SNK000309069 
040 |a SNK  |b slo  |c SNK  |e AACR2 
041 0 |a slo 
043 |a e-xo--- 
044 |a xo  |c SK 
072 7 |a 821.162.4-3  |x Slovenská próza  |2 konspekt 
080 |a 885.4-3  |2 1981 
080 |a 821.162.4-34  |2 2011 
080 |a 821.162.4-32  |2 2011 
080 |a (234.374)  |2 2011 
080 |a (0:82-144)  |2 2011 
100 1 |a Sádecký, Gejza,  |d 1943-2025  |4 aut  |9 88574 
245 1 0 |a Muzika spod zeme  |b povesti a baladické príbehy zo Strážovskej hornatiny  |c Gejza Sádecký 
260 |a Bratislava  |b Poľana  |c 1998 
300 |a 108 strán  |c 18 cm 
651 7 |a Strážovská vrchovina (Slovensko)  |2 SNKPH  |9 225212 
655 7 |a slovenské povesti  |2 SNKPH  |9 70638 
655 7 |a slovenské príbehy  |2 SNKPH  |9 70494 
655 7 |a balady  |2 SNKPH  |9 1440 
852 |a Slovenská národná knižnica 
919 |a 80-968002-0-5 
954 |a beletria pôvodná (slovenská)  |2 lita 
958 |a LX 
999 |c 634476  |d 636406 
952 |t P60, <03>, [BOOK], {603}  |a SNK  |b SNK  |y PREZ  |7 0  |p 17A0183078  |o snkSD 69897  |i snkKSP 2146/99  |0 0  |1 0  |4 0  |d 1999-03-01  |l 0  |r 2005-01-02 00:00:00  |w 2026-02-23 
952 |t P60, <04>, [BOOK], {604}  |a SNK  |b SNK  |y VYP  |7 0  |p 17A0183079  |o snkSD 69897 D1  |i snkKSP 2147/99  |0 0  |1 0  |4 0  |d 1999-03-01  |l 0  |r 2005-01-02 00:00:00  |w 2026-02-23